| 000 | 00441nam a2200169Ia 4500 | ||
|---|---|---|---|
| 008 | 230524s9999 xx 000 0 und d | ||
| 082 |
_a374.22 _bPRA |
||
| 100 | _aHari Mohan Prasad | ||
| 245 | 0 | _aHow to Prepare For : Group Discussion and Interview | |
| 250 | _a2ND | ||
| 260 |
_aNEW DELHI _bTMH _c2205 |
||
| 300 | _aXVI;217 | ||
| 500 | _aQuantity Number: 2 | ||
| 650 |
_aMiscellaneous _91877 |
||
| 700 | _a Rajnish Mohan | ||
| 942 | _cBK | ||
| 999 |
_c31690 _d31690 |
||